| 000 | 00766nam a2200205 a 4500 | ||
|---|---|---|---|
| 003 | MX-MxUPN | ||
| 005 | 20250707101220.0 | ||
| 008 | 250707t2003 fr|a||||r|||| 000 0 mul d | ||
| 040 |
_aMX-MxUPN _bspa _cMX-MxUPN |
||
| 041 | 0 |
_aeng _afre _aspa |
|
| 050 | 1 | 4 |
_aJZ5534 _bD73 2003 |
| 245 | 0 | 0 |
_aDraw me peace : _bchildren colour the world = Dessine-moi la paix : un monde aux couleurs de l'enfance = Dibújame la paz : un mundo con los colores de la infancia |
| 246 | 1 | 1 | _aDessine-moi la paix : un monde aux couleurs de l'enfance |
| 246 | 1 | 1 | _aDibújame la paz : un mundo con los colores de la infancia |
| 260 |
_aParis : _bUnesco, _c©2003. |
||
| 300 |
_a71 páginas : _bilustraciones |
||
| 650 | 4 |
_aPaz _96176 |
|
| 902 | _aVíctor Ruiz/070725 | ||
| 942 |
_2lcc _cLIBRO |
||
| 999 |
_c213622 _d213622 |
||